000 00644nam a2200229Ia 4500
003 OSt
005 20220926040120.0
006 a|||||r|||| 00| 0
007 ta
008 220923b |||||||| |||| 00| 0 eng d
037 _cGeneral Book
040 _aRTL
_cRTL
_beng
041 _2eng
_aeng
082 _aX:77p1(x), N57, K0
100 _aHaldar M K Ed.
_9117064
245 0 _aProblems of economic growth
_b Report of a seminar h
260 _c1960
650 _aEconomics Development
700 _a Ghosh R
_9209241
942 _hX:77p1(x), N57, K0
_cGB
_2CC
999 _c663923
_d663923